<?xml version="1.0" encoding="UTF-8"?>
<record
    xmlns:xsi="http://www.w3.org/2001/XMLSchema-instance"
    xsi:schemaLocation="http://www.loc.gov/MARC21/slim http://www.loc.gov/standards/marcxml/schema/MARC21slim.xsd"
    xmlns="http://www.loc.gov/MARC21/slim">

  <leader>00755nam a2200241Ia 4500</leader>
  <controlfield tag="005">20230707194119.0</controlfield>
  <controlfield tag="008">230608t2001||||xx |||||||||||||| ||und||</controlfield>
  <datafield tag="020" ind1=" " ind2=" ">
    <subfield code="a">867153970</subfield>
  </datafield>
  <datafield tag="040" ind1=" " ind2=" ">
    <subfield code="a">ODONTO</subfield>
    <subfield code="b">spa</subfield>
    <subfield code="c">ODONTO</subfield>
    <subfield code="d">ODONTO</subfield>
  </datafield>
  <datafield tag="041" ind1=" " ind2=" ">
    <subfield code="a">ing</subfield>
  </datafield>
  <datafield tag="082" ind1=" " ind2=" ">
    <subfield code="a">617.6061 A629:2</subfield>
  </datafield>
  <datafield tag="245" ind1=" " ind2="0">
    <subfield code="a">Antibiotic and antimicrobial use in dental practice /</subfield>
    <subfield code="c">ed. Michael G. Newman and Arie J. Van Winkelhoff.--</subfield>
  </datafield>
  <datafield tag="250" ind1=" " ind2=" ">
    <subfield code="a">2a ed.</subfield>
  </datafield>
  <datafield tag="260" ind1=" " ind2=" ">
    <subfield code="a">Chicago :</subfield>
    <subfield code="b">Quintessence,</subfield>
    <subfield code="c">2001.</subfield>
  </datafield>
  <datafield tag="300" ind1=" " ind2=" ">
    <subfield code="a">xv 288 p. :</subfield>
    <subfield code="b">il. ;</subfield>
    <subfield code="c">24 cm.</subfield>
  </datafield>
  <datafield tag="650" ind1="0" ind2="2">
    <subfield code="a">Antibi&#xF3;ticos</subfield>
    <subfield code="9">1554</subfield>
  </datafield>
  <datafield tag="650" ind1="0" ind2="2">
    <subfield code="a">Drogas</subfield>
    <subfield code="x">Uso terap&#xE9;utico</subfield>
    <subfield code="9">5589</subfield>
  </datafield>
  <datafield tag="650" ind1="0" ind2="2">
    <subfield code="a">Boca</subfield>
    <subfield code="x">Enfermedades</subfield>
    <subfield code="9">633</subfield>
  </datafield>
  <datafield tag="650" ind1="0" ind2="2">
    <subfield code="a">Prescripciones m&#xE9;dicas</subfield>
    <subfield code="9">3409</subfield>
  </datafield>
  <datafield tag="650" ind1="0" ind2="2">
    <subfield code="a">Dientes</subfield>
    <subfield code="x">Enfermedades</subfield>
    <subfield code="9">710</subfield>
  </datafield>
  <datafield tag="942" ind1=" " ind2=" ">
    <subfield code="2">ddc</subfield>
    <subfield code="c">BK</subfield>
    <subfield code="n">0</subfield>
  </datafield>
  <datafield tag="999" ind1=" " ind2=" ">
    <subfield code="c">1716</subfield>
    <subfield code="d">1716</subfield>
  </datafield>
  <datafield tag="952" ind1=" " ind2=" ">
    <subfield code="0">0</subfield>
    <subfield code="1">0</subfield>
    <subfield code="2">ddc</subfield>
    <subfield code="4">0</subfield>
    <subfield code="7">0</subfield>
    <subfield code="a">ODONTO</subfield>
    <subfield code="b">ODONTO</subfield>
    <subfield code="c">GEN</subfield>
    <subfield code="d">2002-11-24</subfield>
    <subfield code="e">Quintessence</subfield>
    <subfield code="g">346.78</subfield>
    <subfield code="i">10-H-423-20002</subfield>
    <subfield code="o">617.6061 A629:2</subfield>
    <subfield code="p">L00001823</subfield>
    <subfield code="r">2023-07-07 00:00:00</subfield>
    <subfield code="y">BK</subfield>
  </datafield>
</record>
